| 000 | 00681nam a22002177a 4500 | ||
|---|---|---|---|
| 999 |
_c4477 _d4477 |
||
| 003 | AR-CdUCM | ||
| 008 | 190308b ||||| |||| 00| 0 spa d | ||
| 040 |
_aMUNICIPALIDAD PROVINCIAL DEL CUSCO _cBIBLIOTECA MUNICIPAL DEL CUSCO |
||
| 082 |
_a869.56 / _bC78 |
||
| 100 |
_aCorcuera Osores, Arturo _94919 |
||
| 245 | _aNoé delirante / | ||
| 260 |
_aLima, _bCMB Ediciones : Carlos Milla Batres, _c1971. |
||
| 300 |
_a163 páginas ; _bilustraciones, _c25 cm. |
||
| 500 | _aDonación de la familia Nieto | ||
| 650 |
_aPerú _935 |
||
| 650 |
_aPoesía peruana _9806 |
||
| 650 |
_aSiglo XX _98 |
||
| 700 |
_aTsuchiya, Tilsa (Ilustradora) _914063 |
||
| 942 |
_2ddc _cLIBROS |
||
| 945 | _araen | ||